000 00464nam a2200133 a 4500
008 120416s1968 ||||||||||||||||| || u
050 _aNA 2560 Smi
100 _aSmithson, Alison Margaret
245 1 0 _aTeam 10 primer
260 _aLondon
_bStudio Vista
_c1968
300 _a112p. : ill.
350 _a0.00
995 _D0.00
_FCBU-MAIN LIBRARY (Kitwe)
_H1
_I0.00
_M1
_UAVAILABLE
_ZMain Library Open Access Collection
999 _c59503
_d59503